Normal view
MARC view
- ديفينز ، بول/ م مشارك جون جربين
Entry Personal Name
001 - CONTROL NUMBER
- control field: 13786
003 - CONTROL NUMBER IDENTIFIER
- control field: JO-AjAnu
005 - DATE AND TIME OF LATEST TRANSACTION
- control field: 20230606072514.0
008 - FIXED-LENGTH DATA ELEMENTS
- fixed length control field: 230606|| aca||aabn | a|a d
040 ## - CATALOGING SOURCE
- Original cataloging agency: JO-AjAnu
- Transcribing agency: JO-AjAnu
100 ## - HEADING--PERSONAL NAME
- Personal name: ديفينز ، بول/ م مشارك جون جربين
670 ## - SOURCE DATA FOUND
- Source citation: Work cat.: (JO-AjAnu)7090: ديفينز ، بول/ م مشارك جون جربين, author, اسطورة المادة صورة المادة في الفيزباء الحديثة